000 00587nam a2200217Ia 4500
005 20260429112224.0
008 260429s9999||||xx |||||||||||||| ||und||
020 _a9798886130546
041 _aEnglish
082 _a512.5
_bMUR
100 _aMurota, Kazuo
245 0 _aLinear algebra 1 :
_bbasic concepts, Vol. 1 /
_cKazuo Murota
260 _aSingapore :
_bWorld Scientifc Publishing,
_c2024.
300 _axxiii, 289 p.; pbk
440 _vVol. 1
650 _a Algebra
650 _a Linear algebra
650 _aMathematics
700 _a Sugihara, Masaaki
942 _cTB
999 _c52968
_d52968